000 00666nam a2200217Ii 4500
001 12154
003 CO-ViMGA
008 241108s9999||||xx |||||||||||||| ||und||
020 _a9701700236
040 _aCO-ViMGA
_bspa
_erda
_cCO-ViMGA
041 0 _aunk
082 0 4 _a001.6425-W785a
100 1 _aRick Winter
_956836
245 1 0 _aMicrosoft Access 97 soluciones instantáneas
264 1 _a[Lugar de publicación no identificado] : Prentice Hall Hispanoamericana, 1997
300 _avolumen
336 _atext
_btxt
_2rdacontent
337 _aunmediated
_bn
_2rdamedia
338 _avolume
_bnc
_2rdacarrier
940 _aidficha_siabuc: 11864. -- ficha_no_siabuc:12154
999 _c54983
_d54983